[Event "Florianopolis op 8th"]
[Site "Florianopolis"]
[Date "2022.01.28"]
[Round "7"]
[White "Lutz, Igor Oscar"]
[Black "Vera Irala, Carlos Marcelo"]
[Result "1-0"]
[WhiteElo "2044"]
[BlackElo "1795"]
[PlyCount "61"]
[EventDate "2022.01.24"]
[EventType "swiss"]
[EventRounds "10"]
[EventCountry "BRA"]
[SourceTitle "CBM 206 Extra"]
[Source "ChessBase"]
[SourceDate "2022.03.31"]
[SourceVersion "1"]
[SourceVersionDate "2022.03.31"]
[SourceQuality "1"]

1. d4 d5 2. c4 e6 3. g3 Nf6 4. Bg2 Be7 5. Qc2 0-0 6. Nf3 b6 7. 0-0 Bb7 8. Rd1 dxc4 9. Qxc4 Bd5 10. Qc2 Be4 11. Qd2 Nd5 12. Nc3 Nxc3 13. Qxc3 Bd6 14. Ng5 Bxg2 15. Kxg2 Be7 16. Nf3 c5 17. Bf4 cxd4 18. Rxd4 Qc8 19. Rc4 Qe8 20. Rd1 Nd7 21. Rc7 Nf6 22. Qe5 Bc5 23. Bh6 Qa4 24. Rdd7 Qg4 25. Ng5 gxh6 26. Nxf7 Rxf7 27. Rxf7 Qe4+ 28. Qxe4 Nxe4 29. Rg7+ Kf8 30. Rxh7 Nf6 31. Rhf7+ 1-0

[Event "PAR-ch"]
[Site "Asuncion"]
[Date "2010.06.19"]
[Round "4"]
[White "Heinechen, John"]
[Black "Vera Irala, Carlos Marcelo"]
[Result "1-0"]
[WhiteElo "1778"]
[BlackElo "1886"]
[PlyCount "47"]
[EventDate "2010.06.12"]
[EventType "swiss"]
[EventRounds "9"]
[EventCountry "PAR"]
[SourceTitle "CBM 137 Extra"]
[Source "ChessBase"]
[SourceDate "2010.09.01"]
[SourceVersion "1"]
[SourceVersionDate "2010.09.01"]
[SourceQuality "1"]

1. e4 Nf6 2. Bc4 Nxe4 3. Bxf7+ Kxf7 4. Qh5+ Kg8 5. Qd5+ e6 6. Qxe4 d5 7. Qe2 c5 8. Nf3 Nc6 9. d3 h6 10. Nc3 Bd6 11. Bd2 a6 12. h4 Bd7 13. 0-0-0 Rc8 14. g4 g6 15. Be3 b5 16. Rdg1 Kh7 17. d4 cxd4 18. Nxd4 e5 19. Nf5 Bxf5 20. gxf5 d4 21. Rxg6 dxe3 22. Qh5 Bf8 23. Rxh6+ Bxh6 24. Qg6# 1-0

[Event "PAR-ch"]
[Site "Asuncion"]
[Date "2010.06.13"]
[Round "3"]
[White "Vera Irala, Carlos Marcelo"]
[Black "Saldana, Fernando Javier"]
[Result "1/2-1/2"]
[WhiteElo "1886"]
[BlackElo "1833"]
[PlyCount "38"]
[EventDate "2010.06.12"]
[EventType "swiss"]
[EventRounds "9"]
[EventCountry "PAR"]
[SourceTitle "CBM 137 Extra"]
[Source "ChessBase"]
[SourceDate "2010.09.01"]
[SourceVersion "1"]
[SourceVersionDate "2010.09.01"]
[SourceQuality "1"]

1. e4 c5 2. f4 Nc6 3. Nf3 g6 4. Be2 Bg7 5. c3 e6 6. 0-0 Nge7 7. d3 0-0 8. Be3 b6 9. Nbd2 Bb7 10. Kh1 Kh8 11. Nb3 e5 12. fxe5 Nxe5 13. Nxe5 Bxe5 14. d4 cxd4 15. cxd4 Bg7 16. Bf3 f5 17. exf5 Bxf3 18. Rxf3 Nxf5 19. Bf2 d5 1/2-1/2

[Event "PAR-ch"]
[Site "Asuncion"]
[Date "2010.06.12"]
[Round "1"]
[White "Vera Irala, Carlos Marcelo"]
[Black "Peralta, Eduardo"]
[Result "0-1"]
[WhiteElo "1886"]
[BlackElo "2280"]
[PlyCount "111"]
[EventDate "2010.06.12"]
[EventType "swiss"]
[EventRounds "9"]
[EventCountry "PAR"]
[SourceTitle "CBM 137 Extra"]
[Source "ChessBase"]
[SourceDate "2010.09.01"]
[SourceVersion "1"]
[SourceVersionDate "2010.09.01"]
[SourceQuality "1"]

1. Nf3 c5 2. g3 Nc6 3. Bg2 g6 4. d3 Bg7 5. Nc3 d5 6. 0-0 e6 7. e4 d4 8. Ne2 Nge7 9. Nd2 0-0 10. f4 e5 11. Nf3 f6 12. Bd2 b5 13. a4 bxa4 14. Rxa4 a5 15. Qa1 h6 16. Qa2+ Kh7 17. Ra1 Qd6 18. Bxa5 Be6 19. b3 Nxa5 20. Rxa5 Rxa5 21. Qxa5 Nc6 22. Qd2 Rb8 23. h3 Bc8 24. g4 Bb7 25. f5 g5 26. h4 Qd8 27. hxg5 hxg5 28. Kf2 Ra8 29. Rh1+ Kg8 30. Nc1 Qa5 31. Ke2 Qd8 32. Bf1 Ra1 33. Kd1 Nb4 34. Ke2 Ba6 35. Kf2 Rb1 36. c3 dxc3 37. Qxc3 Qa5 38. Kg3 Nc6 39. Qc2 Ra1 40. Nd2 Nd4 41. Qb2 Kf8 42. Bg2 Qa3 43. Qxa3 Rxa3 44. Kf2 Kg8 45. Nc4 Bxc4 46. bxc4 Bf8 47. Rd1 Ra1 48. Bf1 Bd6 49. Re1 Bc7 50. Ne2 Ra2 51. Rd1 Ba5 52. Ke3 Nc2+ 53. Kf3 Bb4 54. Kf2 Kf7 55. Kf3 Be1 56. Bg2 0-1

[Event "Asuncion Preclasificatorio Mayor"]
[Site "Asuncion"]
[Date "2010.04.28"]
[Round "7"]
[White "Vera Irala, Carlos Marcelo"]
[Black "Gonzalez, Augusto"]
[Result "1-0"]
[WhiteElo "1886"]
[BlackElo "1743"]
[PlyCount "67"]
[EventDate "2010.04.05"]
[EventType "swiss"]
[EventRounds "9"]
[EventCountry "PAR"]
[SourceTitle "EXT 2023"]
[Source "ChessBase"]
[SourceDate "2022.10.05"]
[SourceVersion "1"]
[SourceVersionDate "2022.10.05"]
[SourceQuality "1"]

1. e4 e6 2. d4 d5 3. Nd2 Nf6 4. Bd3 dxe4 5. Nxe4 Nxe4 6. Bxe4 Nd7 7. Bf4 Nf6 8. Bd3 Bd6 9. Bg5 Be7 10. c3 0-0 11. Qc2 h6 12. h4 b6 13. Ne2 Bb7 14. f3 Nd5 15. Bd2 c5 16. g3 Rc8 17. dxc5 Bxc5 18. Rf1 Be3 19. a3 Qc7 20. 0-0-0 Rfd8 21. Qa4 f5 22. g4 Bxd2+ 23. Rxd2 Ne3 24. Rf2 fxg4 25. fxg4 e5 26. Ng3 Qe7 27. Nf5 Nxf5 28. Bxf5 Rxd2 29. Rxd2 Rc7 30. Qxa7 Bc8 31. Qxb6 Bxf5 32. gxf5 Rd7 33. Rxd7 Qxd7 34. Qe6+ 1-0